100 Biggest Cities of Italy on a Map - Statistics

General Stats
  • This quiz has been taken 781 times
  • The average score is 51 of 100
Answers on the Map
Answers color-coded by a green-red scale on the quiz's map according to % correct below.
 
Answer Stats
Population City % Correct
1,371,850 Milan [Milano]
99%
2,754,719 Rome [Roma]
98%
911,697 Naples [Napoli]
97%
846,926 Turin [Torino]
97%
250,369 Venice [Venezia]
96%
363,837 Florence [Firenze]
95%
561,947 Genoa [Genova]
95%
628,894 Palermo
95%
390,518 Bologna
93%
316,212 Bari
90%
199,400 Trieste
89%
255,643 Verona
86%
147,378 Cagliari
84%
89,371 Pisa
84%
298,209 Catania
82%
198,496 Parma
81%
217,895 Messina
79%
207,301 Padua [Padova]
79%
120,504 Bergamo
76%
116,051 Syracuse [Siracusa]
74%
198,688 Brescia
73%
185,009 Modena
72%
150,272 Rimini
71%
98,430 Udine
71%
118,886 Trento
70%
169,795 Reggio di Calabria
69%
83,799 Como
68%
153,186 Livorno
67%
106,564 Bolzano [Bozen]
66%
94,434 Lecce
66%
156,345 Ravenna
66%
186,798 Taranto
66%
126,625 Salerno
65%
171,342 Reggio Emilia
64%
162,527 Perugia
63%
123,121 Monza
62%
118,634 Pescara
62%
99,239 Ancona
61%
129,555 Ferrara
61%
120,875 Sassari
61%
198,034 Prato
58%
89,136 Lucca
57%
145,723 Foggia
56%
110,830 Vicenza
56%
92,715 La Spezia
55%
82,268 Brindisi
54%
103,121 Piacenza
52%
127,486 Latina
50%
91,936 Alessandria
48%
102,518 Novara
48%
117,210 Forlì
47%
85,282 Treviso
46%
69,902 L'Aquila
44%
84,115 Catanzaro
43%
71,094 Cremona
43%
106,677 Terni
43%
73,787 Asti
42%
96,426 Arezzo
41%
73,684 Ragusa
41%
69,357 Imola
40%
65,987 Massa
40%
61,495 Olbia
40%
64,119 Potenza
40%
96,145 Cesena
39%
71,383 Pavia
39%
89,116 Pistoia
38%
63,693 Cosenza
37%
82,506 Fiumicino
37%
78,819 Varese
37%
81,636 Grosseto
34%
79,833 Marsala
34%
95,580 Pesaro
33%
92,419 Barletta
32%
59,793 Carrara
31%
72,485 Caserta
31%
66,241 Viterbo
30%
96,873 Andria
29%
70,811 Gela
28%
72,525 Carpi
27%
67,211 Lamezia Terme [Nicastro]
26%
123,998 Giugliano in Campania
25%
60,793 Viareggio
25%
83,439 Busto Arsizio
23%
78,565 Sesto San Giovanni
23%
68,463 Quartu Sant'Elena
22%
64,678 Vittoria
22%
59,963 Fano
21%
76,211 Pozzuoli
21%
80,093 Torre del Greco
21%
70,108 Altamura
20%
74,572 Aprilia
19%
61,586 Afragola
18%
74,946 Cinisello Balsamo
18%
62,614 Vigevano
18%
73,807 Casoria
16%
60,443 Legnano
16%
64,617 Pomezia
16%
62,367 Castellammare di Stabia
15%
89,411 Guidonia Montecelio
12%
74,091 Corigliano-Rossano
11%
No matching quizzes found
Score Distribution
Percent of People with Each Score
Percentile by Number Answered
Your Score History
You have not taken this quiz